KOHA-Header-6

E-Business (Record no. 11108)

000 -LEADER
fixed length control field 00247nam a2200109Ia 4500
100 ## - MAIN ENTRY--AUTHOR NAME
Personal name Ravi Kalakota
245 #0 - TITLE STATEMENT
Title E-Business
260 ## - PUBLICATION, DISTRIBUTION, ETC. (IMPRINT)
Place of publication New Delhi
Name of publisher Addison
Year of publication 2002
300 ## - PHYSICAL DESCRIPTION
Number of Pages 548
942 ## - ADDED ENTRY ELEMENTS (KOHA)
Koha item type Books

No items available.

Powered by Koha